| 000 | 00807nam a2200265Ia 4500 | ||
|---|---|---|---|
| 999 |
_c51309 _d51309 |
||
| 001 | 18278 | ||
| 003 | GE_BSU | ||
| 005 | 20230328105927.0 | ||
| 008 | 181216s2008||||fr |||||||||||||| ||fre|| | ||
| 020 | _a9782090353075 | ||
| 040 | _cGE_BSU | ||
| 041 | _afre | ||
| 080 | _a811.133.1(076) I-33 | ||
| 245 |
_aICI 2. Fichier "Decouvertes" A2 : _b(fiches detachables) / _cD. Abry, Y.Daas,C.Fert... ; Edition Virginie Poitrasson. |
||
| 264 |
_aParis : _bCLE International, _c2008. |
||
| 300 |
_a47p. : _b ill ; _c30cm. |
||
| 541 | _h41 Gel. | ||
| 653 | _aICI 2. Cahier d'exercices A2 | ||
| 653 | _aფრანგული ენა | ||
| 700 |
_aAbry,D. _eby _917271 |
||
| 700 |
_aDaas,Y. _eby _912726 |
||
| 700 |
_aFert,C. _eby _917272 |
||
| 700 |
_a Poitrasson, Virginie _eEdition _917294 |
||
| 942 |
_cBK _2udc |
||